Oxford wordpower : (رقم التسجيلة. 21254)

تفاصيل مارك
000 -الفاتح
حقل البيانات ثابتة الطول 00927nam a2200277Ki 4500
001 - رقم الضبط
رقم الضبط 406941447
003 - محدد رقم الضبط
رقم الضبط OCoLC
005 - وقت وتاريخ اخر تعامل مع التسجيلة
رقم الضبط 20150408114011.0
007 - الحقل الثابت للوصف المادى- معلومات عامة
حقل البيانات ثابتة الطول co cg||||mnmmu
008 - عناصر البيانات ثابتة الطول - معلومات عامة
حقل البيانات ثابتة الطول 090624s2006 enka 000 0 eng d
020 ## - الرقم الدولى المعيارى للكتب
الرقم الدولى المعيارى للكتاب 9780194300094 (pbk.)
020 ## - الرقم الدولى المعيارى للكتب
الرقم الدولى المعيارى للكتاب 0194300099 (pbk.)
040 ## - مصدر الفهرسة
وكالة الفهرسة الأصلية SISRL
وكالة النسخ SISRL
وكالة التعديل KSU
041 0# - رمز اللغة
رمز لغة النص/ المسارات الصوتية أو العنوان الانفرادي eng
-- ara
082 ## - رقم تصنيف ديوى العشرى
رقم الطبعة 22
رقم التصنيف 423.1
رقم المادة OXW
090 ## - رقم الضبط المحلى
رقم تصنيف (OCLC) (R) ;رقم تصنيف, CALL (RLIN) (NR) PJ6640
كتر محلي OCLC رقم كتاب / رقم طلب غير مقسم,رقم RLIN( غير مكرر) O94 2006
245 00 - بيان العنوان
العنوان Oxford wordpower :
بقية العنوان انكليزي - انكليزي - عربي
246 3# - العنوان الموازى
عنوان صحيح/عنوان مختصر Qāmūs Uksfūrd al-ḥadīt li-dārisī al-luġa al-inklīzīya :
بقية العنوان inklīzī - inklīzī - ʻarabī.
250 ## - بيان الطبعة
بيان الطبعة 2nd ed.
260 ## - PUBLICATION, DISTRIBUTION, ETC. (IMPRINT)
مكان الناشر او الموزع Oxford :
اسم الناشر او الموزع Oxford University Press,
تاريخ النشر أو التوزيع 2006.
300 ## - الوصف المادى
التعداد xii, 916 p. :
تفاصيل ماديه اخرى للوعاء col. ill. ;
أبعاد الوعاء 22 cm. +
المادة المصاحبة 1 CD-ROM (4 3/4 in.)
546 ## - تبصرة اللغة
تبصرة اللغة In English and Arabic.
650 #0 - المدخل الاضافى بالموضوع-مصطلح موضوعى
مصطلح موضوعي أو اسم جغرافي كعنصر مدخل English language
التقسيم الفرعي الشكلي Dictionaries
التقسيم الفرعي العام Arabic.
9 (RLIN) 17351
710 2# - المدخل الاضافى - اسم هيئه
اسم الهيئة أو اسم السلطة كمدخل Oxford University Press.
9 (RLIN) 6806
942 ## - عناصر المدخل الإضافي( كوها)
مصدر التصنيف او مخطط الترفيف Dewey Decimal Classification
Koha [default] item type DVD
المقتنيات
حالة الفقد نموذج السعر الفعال حالة تلف ليس للاعارة رقم الطلب رقم النسخة تاريخ الاكتساب الموقع الحالي الباركود الفرع الرئيسي Date last checked out Date last seen نوع المادة فى نظام كوها مصدر التصنيف او خطة الترفيف Total Checkouts
  2013-03-10     423.1 OXW ن 1 2012-10-02 المكتبة المركزية بالمجمعة (CL) 00500007 المكتبة المركزية بالمجمعة (CL) 2024-12-19 2025-06-18 كتاب Dewey Decimal Classification 4